000 00290 a2200133 4500
001 66197
082 _a530.41 IBA
090 _c38486
_d38486
100 _aIbach H
245 _aSolid state physics, 2nd Ed
250 _a2
260 _aBerlin
_bSpringer
_c1995
300 _axii, 402 p
942 _aNUST-CAE
_k530.41 IBA
999 _c301270
_d301270